000 00836 a2200229 4500
003 CBULib
005 20240628093559.0
008 240628b |||||||| |||| 00| 0 eng d
040 _bEnglish
_cCBULib
_erda
050 _aCBU-PG THESIS/CHI
_bB85101
100 _aChishimba, Mumbi
245 _aExamining the determinants influencing financial performance in industrial firms on the Copperbelt, Zambia
_c/ by Mumbi Chishimba
260 _bCopperbelt University:
_c2023
_aKitwe,
300 _axi, 87 pages : illustrations
336 _2rdacontent
_aText |
_btxt
337 _2rdamedia
_aUnmediated |
_bn
338 _2rdacarrier
_aVolume
_bnc
500 _aincludes bibliographical references and appendices
650 0 _91719
_aFINANCIAL PERFORMANCE
650 0 _93036
_a BUSINESS AND ECONOMICS INDUSTRIAL MANAGEMENT
942 _2lcc
_c030
999 _c85101
_d85101